[Event "24th Open"]
[Site "Pula CRO"]
[Date "2010.06.20"]
[Round "2"]
[White "Kolesar,Mil"]
[Black "Saric,Iv"]
[Result "0-1"]
[WhiteElo "2173"]
[BlackElo "2580"]
[EventDate "2010.06.19"]

1. Nf3 Nf6 2. c4 g6 3. g3 Bg7 4. Bg2 O-O 5. d4 d6 6. O-O Nbd7 7. Nc3 c6 8.
e4 e5 9. b3 exd4 10. Nxd4 Re8 11. h3 Nc5 12. Re1 Qe7 13. Bf4 Nfd7 14. b4
Ne6 15. Be3 Ne5 16. Bf1 Nxd4 17. Bxd4 Nf3+ 18. Qxf3 Bxd4 19. Rad1 Bg7 20.
Qd3 h5 21. a3 h4 22. g4 Bf8 23. Bg2 Qf6 24. Ne2 a5 25. b5 Be6 26. Nd4 Bd7
27. a4 Rad8 28. Qd2 cxb5 29. cxb5 Rc8 30. Qxa5 Rc4 31. Qb6 Rxa4 32. Qxb7
Bxg4 33. hxg4 Rxd4 34. Qc6 Rb8 35. Rxd4 Qxd4 36. Bf1 Qd2 37. Qc1 Qb4 38.
Qb1 Qc5 39. Qb3 Qg5 40. Qf3 Bg7 41. Rb1 Qc5 42. Rd1 Bd4 43. Be2 Ra8 44. Kg2
Ra3 45. Rd3 Ra2 46. Rb3 Qc2 47. b6 Bxb6 48. Rxb6 Qxe2 49. Qxe2 Rxe2 50.
Rxd6 Rxe4 51. f3 Re2+ 52. Kh3 g5 53. Rf6 Kg7 54. Rf5 f6 55. f4 Re3+ 56. Kh2
Rf3 0-1

[Event "24th Open"]
[Site "Pula CRO"]
[Date "2010.06.20"]
[Round "2"]
[White "Kovacevic,A"]
[Black "Dudas,E"]
[Result "1-0"]
[WhiteElo "2573"]
[BlackElo "2166"]
[EventDate "2010.06.19"]

1. c4 Nf6 2. Nc3 c5 3. g3 Nc6 4. Bg2 e6 5. Nf3 Be7 6. d4 cxd4 7. Nxd4 a6 8.
Bf4 O-O 9. O-O Nxd4 10. Qxd4 d6 11. Qd3 Qc7 12. Rac1 e5 13. Be3 Be6 14. Nd5
Bxd5 15. cxd5 Qa5 16. Qb3 b5 17. Rc6 Nd7 18. Qc2 f5 19. Rc7 Rad8 20. Qc6
Nb8 21. Qb7 Bf6 22. a3 f4 23. Bc1 Qa4 24. Bh3 Qe4 25. Bc8 Qxe2 26. Qxb8 Qh5
27. Be6+ Kh8 28. Qb7 f3 29. h3 Rde8 30. Bg4 Qg6 31. Qxa6 h5 32. Bd7 Bh4 33.
Kh2 Qd3 34. Qxb5 1-0

[Event "24th Open"]
[Site "Pula CRO"]
[Date "2010.06.20"]
[Round "2"]
[White "Raljic,M"]
[Black "Kuljasevic,D"]
[Result "0-1"]
[WhiteElo "2166"]
[BlackElo "2539"]
[EventDate "2010.06.19"]

1. e4 c5 2. Nc3 Nc6 3. g3 g6 4. Bg2 Bg7 5. d3 d6 6. f4 e6 7. Nf3 Nge7 8.
O-O O-O 9. Be3 b6 10. d4 Ba6 11. Re1 Rc8 12. Qd2 Na5 13. b3 cxd4 14. Nxd4
e5 15. fxe5 dxe5 16. Ndb5 Qxd2 17. Bxd2 Bxb5 18. Nxb5 Rxc2 19. Bxa5 bxa5
20. Nxa7 Rd8 21. Rec1 Rxc1+ 22. Rxc1 Bh6 23. Rc3 Bd2 24. Rc7 Be3+ 25. Kf1
Rd2 26. Bf3 Kf8 27. Be2 Rxa2 28. h4 f5 29. Nc8 Nxc8 30. Rxc8+ Ke7 31. exf5
gxf5 32. Rc7+ Kf6 33. Rxh7 e4 34. Rb7 Ra1+ 35. Kg2 Rg1+ 36. Kh3 Bf2 37. g4
fxg4+ 38. Kh2 g3+ 39. Kh3 Rh1+ 40. Kg2 Rh2+ 41. Kf1 Be3 0-1

[Event "24th Open"]
[Site "Pula CRO"]
[Date "2010.06.20"]
[Round "2"]
[White "Zelcic,R"]
[Black "Rubil,M"]
[Result "1-0"]
[WhiteElo "2538"]
[BlackElo "2163"]
[EventDate "2010.06.19"]

1. e4 e5 2. Nf3 Nc6 3. Bb5 a6 4. Ba4 Nf6 5. O-O Be7 6. d4 exd4 7. e5 Ne4 8.
Re1 Nc5 9. Bxc6 dxc6 10. Nxd4 O-O 11. Nc3 Re8 12. Be3 Bf8 13. Qh5 Qd7 14.
h3 Ne6 15. Nf5 Nf4 16. Nh6+ gxh6 17. Bxf4 Qf5 18. Qh4 Re6 19. Ne4 Rg6 20.
Bg3 Be6 21. Re3 Bd5 22. Nf6+ Kh8 23. Nxd5 cxd5 24. c4 Qe6 25. Rc1 Bc5 26.
cxd5 Qxd5 27. Qe4 Rd8 28. Qxd5 Rxd5 29. Rf3 Kg8 30. b4 Bb6 31. Rc4 Rd4 32.
Rxd4 Bxd4 33. Rd3 c5 34. bxc5 Bxc5 35. Bh4 Re6 36. Rd8+ Kg7 37. Bf6+ Rxf6
38. exf6+ Kxf6 39. Rh8 Bd4 40. Kf1 a5 41. Ke2 b6 42. Re8 Bc5 43. f4 a4 44.
Kf3 a3 45. Ke4 Be7 46. g4 Bc5 47. h4 Kg6 48. Rg8+ Kf6 49. h5 Ke6 50. Rh8 b5
51. Rxh7 Bf8 52. Rh8 Ke7 53. Kd5 b4 54. Kc4 Bg7 55. Rg8 Bc3 56. g5 hxg5 57.
fxg5 f5 58. gxf6+ Kxf6 59. h6 1-0

[Event "24th Open"]
[Site "Pula CRO"]
[Date "2010.06.20"]
[Round "2"]
[White "Toefferl,H"]
[Black "Cvitan,O"]
[Result "0-1"]
[WhiteElo "2163"]
[BlackElo "2521"]
[EventDate "2010.06.19"]

1. d4 Nf6 2. c4 e6 3. Nc3 Bb4 4. e3 O-O 5. Bd3 d5 6. cxd5 exd5 7. Nge2 Re8
8. O-O Bd6 9. f3 c5 10. Nb5 Bf8 11. dxc5 Bxc5 12. Nbd4 Nc6 13. a3 Bd7 14.
b4 Bb6 15. Nxc6 Bxc6 16. Nd4 Bxd4 17. exd4 Qb6 18. Rf2 Bb5 19. Bg5 Bxd3 20.
Qxd3 Nd7 21. Rc2 Ne5 22. Qd1 Nc4 23. Qd3 h6 24. Bd2 Re6 25. Re1 Rae8 26.
Rxe6 Qxe6 27. Kf2 b5 28. Ra2 Qf6 29. g3 Re4 30. Bc3 Re3 31. Qxe3 Nxe3 32.
Kxe3 Qg5+ 33. f4 Qf5 34. Rd2 Qe4+ 35. Kf2 Qh1 36. Ke3 Qe1+ 37. Kf3 Qc1 0-1

[Event "24th Open"]
[Site "Pula CRO"]
[Date "2010.06.20"]
[Round "2"]
[White "Drazic,S"]
[Black "Radovic,St"]
[Result "1-0"]
[WhiteElo "2531"]
[BlackElo "2161"]
[EventDate "2010.06.19"]

1. g3 c5 2. Bg2 g6 3. f4 Bg7 4. Nc3 Nc6 5. d3 e6 6. e4 Nge7 7. Nf3 O-O 8.
O-O b6 9. Be3 Bb7 10. d4 d5 11. exd5 exd5 12. Bf2 c4 13. Ne5 f6 14. Nxc6
Bxc6 15. Re1 Qd6 16. Rxe7 Qxe7 17. Nxd5 Qb7 18. Ne7+ Qxe7 19. Bxc6 Rad8 20.
c3 Qd6 21. d5 Rf7 22. Qa4 Rc7 23. Qxc4 Re8 24. Rd1 f5 25. b4 Re4 26. Qb3
Rce7 27. c4 Bd4 28. Rxd4 Rxd4 29. Bxd4 Re1+ 30. Kf2 Qe7 31. Be5 1-0

[Event "24th Open"]
[Site "Pula CRO"]
[Date "2010.06.20"]
[Round "2"]
[White "Kopinits,A"]
[Black "Jovanic,O"]
[Result "0-1"]
[WhiteElo "2158"]
[BlackElo "2530"]
[EventDate "2010.06.19"]

1. e4 c5 2. Nf3 e6 3. d4 cxd4 4. Nxd4 Nc6 5. Nc3 Qc7 6. Be2 a6 7. O-O Nf6
8. Kh1 Be7 9. f4 d6 10. a4 O-O 11. Be3 Re8 12. Bg1 Nxd4 13. Qxd4 e5 14. Qd3
exf4 15. Rxf4 Be6 16. Raf1 Nd7 17. Nd5 Bxd5 18. Qxd5 Bf6 19. Bc4 Re6 20. a5
Ne5 21. Bb3 Ng6 22. Rxf6 Rxf6 23. Rxf6 gxf6 24. Qf5 Qe7 25. Bd4 Ne5 26. Bd5
Kg7 27. h4 Re8 28. h5 h6 29. Be3 Rh8 30. c4 Qc7 31. Bb6 Qe7 32. b4 Rg8 33.
c5 dxc5 34. Bxc5 Qc7 35. Qh3 Kh8 36. Qf5 Ng4 37. e5 Rg5 38. Qf4 Rxh5+ 39.
Kg1 Qxe5 40. Qxe5 Rxe5 41. Bc4 Re1+ 42. Bf1 Ne3 0-1

[Event "24th Open"]
[Site "Pula CRO"]
[Date "2010.06.20"]
[Round "2"]
[White "Martinovic,Sa"]
[Black "Myhrvold,R"]
[Result "1-0"]
[WhiteElo "2515"]
[BlackElo "2152"]
[EventDate "2010.06.19"]

1. Nf3 d6 2. d4 Nc6 3. d5 Ne5 4. Nxe5 dxe5 5. e4 a6 6. c4 e6 7. Be3 f5 8.
exf5 exf5 9. g3 Nf6 10. Bg2 Be7 11. O-O O-O 12. h3 Nd7 13. f4 e4 14. Nc3
Nc5 15. Qd2 b5 16. cxb5 axb5 17. Nxb5 Ba6 18. Rfc1 Nd3 19. Nxc7 Bb7 20.
Nxa8 Bxa8 21. Rd1 Bf6 22. Rab1 Bxd5 23. b4 Qa8 24. b5 Qa4 25. b6 Bb7 26.
Rb3 Rd8 27. Kh2 Qa8 28. Qc2 Rc8 29. Qb1 Nc5 30. Rb5 Na4 31. Rxf5 Rc3 32.
Bd4 Bxd4 33. Rxd4 Qc8 34. Qb4 g6 35. Qe7 Rd3 36. Rxd3 exd3 37. Qf7+ Kh8 38.
Re5 1-0

[Event "24th Open"]
[Site "Pula CRO"]
[Date "2010.06.20"]
[Round "2"]
[White "Ernst,M"]
[Black "Fercec,N"]
[Result "0-1"]
[WhiteElo "2150"]
[BlackElo "2492"]
[EventDate "2010.06.19"]

1. d4 Nf6 2. c4 g6 3. Nc3 d5 4. cxd5 Nxd5 5. e4 Nxc3 6. bxc3 Bg7 7. Nf3 c5
8. Rb1 O-O 9. Qd2 Nd7 10. Bc4 Nf6 11. Qe2 a6 12. O-O b5 13. Bd3 Bg4 14. Be3
b4 15. d5 bxc3 16. Bxc5 Nd7 17. Be3 Ne5 18. Rfc1 e6 19. Bc5 Re8 20. d6 Bxf3
21. gxf3 Nxd3 22. Qxd3 Qg5+ 23. Kf1 Qxc5 24. d7 Red8 0-1

[Event "24th Open"]
[Site "Pula CRO"]
[Date "2010.06.20"]
[Round "2"]
[White "Berke,A"]
[Black "Likavsky,T"]
[Result "1-0"]
[WhiteElo "2140"]
[BlackElo "2473"]
[EventDate "2010.06.19"]

1. e4 g6 2. d4 Bg7 3. Nc3 d6 4. Nf3 Nd7 5. Bc4 e6 6. O-O Ne7 7. Re1 a6 8.
a4 b6 9. b3 Bb7 10. Bb2 O-O 11. Qd2 h6 12. Rad1 g5 13. h4 g4 14. Nh2 Nc6
15. Ne2 Qxh4 16. Qf4 h5 17. f3 e5 18. Qf5 Bc8 19. g3 Qh3 20. Qg5 Nxd4 21.
Nxd4 exd4 22. Bxd4 Ne5 23. f4 Qxg3+ 24. Kh1 Qxh2+ 25. Kxh2 Nf3+ 26. Kg3
Nxg5 27. fxg5 Bxd4 28. Rxd4 Bd7 29. Rh1 Kg7 30. Rxh5 Rh8 31. Rxh8 Rxh8 32.
Bxa6 Rh3+ 33. Kg2 Kg6 34. Bb7 Rc3 35. e5 Rxc2+ 36. Kg1 Rc1+ 37. Kf2 Rc2+
38. Kg1 Kxg5 39. exd6 c6 40. b4 Ra2 41. b5 cxb5 42. axb5 Bxb5 43. Rd5+ Kf6
44. Rxb5 Ra1+ 45. Kg2 Ke6 46. Rxb6 Rd1 47. Bc8+ Ke5 48. d7 f5 49. Rb5+ 1-0

[Event "24th Open"]
[Site "Pula CRO"]
[Date "2010.06.20"]
[Round "2"]
[White "Kovacevic,Bl"]
[Black "Novkovic,J"]
[Result "1-0"]
[WhiteElo "2471"]
[BlackElo "2146"]
[EventDate "2010.06.19"]

1. d4 d5 2. c4 dxc4 3. Nf3 Nf6 4. e3 e6 5. Bxc4 a6 6. O-O c5 7. dxc5 Qxd1
8. Rxd1 Bxc5 9. Be2 Nc6 10. Nbd2 O-O 11. b3 Rd8 12. Bb2 Be7 13. Nc4 Nd7 14.
Rac1 Bf6 15. Bxf6 gxf6 16. Nd4 Ne7 17. Bf3 Ne5 18. Nb6 Nxf3+ 19. Nxf3 Rxd1+
20. Rxd1 Rb8 21. Rd8+ Kg7 22. Nd2 f5 23. Ndc4 Nc6 24. Rxc8 Rxc8 25. Nxc8
Kf6 26. f4 Nb4 27. a4 1-0

[Event "24th Open"]
[Site "Pula CRO"]
[Date "2010.06.20"]
[Round "2"]
[White "Saradjen,J"]
[Black "Doric,D"]
[Result "0-1"]
[WhiteElo "2140"]
[BlackElo "2452"]
[EventDate "2010.06.19"]

1. g3 d5 2. Bg2 c6 3. Nc3 Bg4 4. d3 e5 5. h3 Bh5 6. g4 Bg6 7. e4 dxe4 8.
Nxe4 Nd7 9. Ne2 Bxe4 10. Bxe4 Bc5 11. c3 Qh4 12. d4 Bb6 13. Ng3 Ne7 14. Be3
exd4 15. cxd4 Nf6 16. Qd2 h6 17. Bg2 Nfd5 18. O-O Bc7 19. Bxd5 Nxd5 20. Kg2
g6 21. Ne2 O-O-O 22. Nf4 h5 23. Nxd5 hxg4 24. Ne7+ Qxe7 25. hxg4 Qh4 26.
Kf3 Qh3+ 27. Ke2 Qxg4+ 28. Ke1 Rhe8 29. Rd1 f5 30. f3 Qg3+ 0-1

[Event "24th Open"]
[Site "Pula CRO"]
[Date "2010.06.20"]
[Round "2"]
[White "Shalnev,N"]
[Black "Havik,V"]
[Result "1-0"]
[WhiteElo "2450"]
[BlackElo "2140"]
[EventDate "2010.06.19"]

1. e4 e5 2. f4 exf4 3. Nf3 g5 4. h4 g4 5. Ne5 d6 6. Nxg4 Nf6 7. Nxf6+ Qxf6
8. d4 Nc6 9. c3 Rg8 10. Nd2 Bd7 11. Nf3 Bh6 12. Qd3 Qe7 13. Kf2 O-O-O 14.
Bd2 f5 15. Re1 Rg3 16. b4 Rdg8 17. b5 Qg7 18. Rg1 Ne7 19. e5 d5 20. Ke2 Qg4
21. Rh1 Be8 22. Kd1 Bh5 23. Kc2 Qg7 24. e6 Re8 25. Re5 Qg8 26. Kb2 Rg6 27.
Ng5 Bg7 28. Re1 h6 29. Nf7 Rg3 30. Qc2 Bxf7 31. exf7 Qxf7 32. Bxf4 Rg6 33.
Bd3 c6 34. Re2 Re6 35. Rhe1 Re4 36. Bd6 Ng6 37. Bxe4 fxe4 38. bxc6 bxc6 39.
Qb3 Qb7 40. Qxb7+ Kxb7 41. Rf2 1-0

[Event "24th Open"]
[Site "Pula CRO"]
[Date "2010.06.20"]
[Round "2"]
[White "Kersic,M"]
[Black "Hamitevici,V"]
[Result "0-1"]
[WhiteElo "2130"]
[BlackElo "2421"]
[EventDate "2010.06.19"]

1. e4 c6 2. d4 d5 3. Nd2 dxe4 4. Nxe4 Bf5 5. Ng3 Bg6 6. h4 h6 7. h5 Bh7 8.
Nf3 Nd7 9. Bd3 Bxd3 10. Qxd3 e6 11. Bf4 Qa5+ 12. Bd2 Bb4 13. Ne4 Bxd2+ 14.
Nfxd2 Ngf6 15. Nd6+ Ke7 16. N6c4 Qc7 17. O-O-O Rhd8 18. Kb1 c5 19. dxc5
Nxc5 20. Qa3 Rd4 21. Ne3 b6 22. Nf3 Rxd1+ 23. Rxd1 Nxh5 24. Qb4 Nf6 25. Qh4
Rd8 26. Rxd8 Kxd8 27. Qd4+ Qd7 28. Qf4 Qc7 29. Qd4+ Ncd7 30. b4 Ke7 31. a3
g5 32. g3 Qc6 33. Nd2 Nd5 34. c4 Nxe3 35. Qxe3 f5 36. f4 g4 37. Qd4 e5 38.
fxe5 Qe6 39. c5 bxc5 40. bxc5 Qxe5 0-1

[Event "24th Open"]
[Site "Pula CRO"]
[Date "2010.06.20"]
[Round "2"]
[White "Bjelicic,J"]
[Black "Barle,J"]
[Result "0-1"]
[WhiteElo "2128"]
[BlackElo "2404"]
[EventDate "2010.06.19"]

1. e4 c5 2. Nf3 a6 3. c3 d5 4. exd5 Qxd5 5. d4 Nf6 6. Be3 cxd4 7. cxd4 e6
8. Nc3 Qd6 9. Bd3 Be7 10. O-O O-O 11. Rc1 Nc6 12. Ne4 Nxe4 13. Bxe4 Nb4 14.
Qb3 f5 15. Bb1 b5 16. Rfd1 Bb7 17. Bd2 Bxf3 18. Qxf3 Nd5 19. a3 Bf6 20. Ba2
Bxd4 21. Bxd5 Qxd5 22. Qxd5 exd5 23. Bb4 Rfc8 24. Rb1 Bc5 25. Bxc5 Rxc5 26.
b4 Rc3 27. Rxd5 g6 28. Ra1 Rac8 29. Kf1 R8c6 30. Rd7 Rc1+ 31. Rxc1 Rxc1+
32. Ke2 Ra1 33. Rd3 Kf7 34. h4 Ke6 35. Ke3 Rc1 36. g3 Rc4 37. Rd4 Rc2 38.
Rd2 Rc3+ 39. Rd3 Rxd3+ 40. Kxd3 Kd5 41. f3 Ke5 42. Ke3 Kd5 43. Kd3 Ke5 44.
Ke3 f4+ 45. gxf4+ Kf5 46. Ke2 Kxf4 47. Kf2 h5 48. Kg2 g5 49. hxg5 Kxg5 50.
Kg3 h4+ 0-1

[Event "24th Open"]
[Site "Pula CRO"]
[Date "2010.06.20"]
[Round "2"]
[White "Stokke,K"]
[Black "Valenti,G"]
[Result "1/2-1/2"]
[WhiteElo "2399"]
[BlackElo "2128"]
[EventDate "2010.06.19"]

1. c4 e6 2. Nf3 Nf6 3. g3 d5 4. d4 Be7 5. Bg2 c6 6. O-O O-O 7. Nbd2 Nbd7 8.
Qc2 b6 9. e4 dxe4 10. Nxe4 Bb7 11. Nxf6+ Nxf6 12. c5 Nd5 13. Bd2 a5 14. Ne5
bxc5 15. dxc5 Qc7 16. Rfe1 Rfd8 17. Bh3 Bc8 18. Rac1 Bf8 19. Qa4 Bd7 20.
Qe4 Be8 21. Nd3 Nf6 22. Qc4 Qd7 23. Bf1 Qd5 24. b3 Rd7 25. Qa4 Rda7 26. Rc4
Qd8 27. Bg5 Be7 28. Bxf6 Bxf6 29. Ne5 Qc7 30. Rce4 Rd8 31. Bc4 Raa8 32. Qa3
Rd2 33. Nf3 Bb2 34. Qa4 Rdd8 35. Bf1 Bc3 36. Rc1 Bf6 37. Qc4 Rd5 38. Qe2
Qe7 39. Rec4 Bd7 40. Bg2 Bc8 41. Nd2 Ba6 42. Bxd5 cxd5 43. Qf3 Bxc4 44.
bxc4 Qxc5 45. Nb3 Qa3 46. cxd5 a4 47. dxe6 axb3 48. exf7+ Kf8 49. Rc7 bxa2
50. Rc8+ Kxf7 51. Qh5+ Ke6 52. Qg4+ Kf7 53. Qh5+ Ke6 54. Qg4+ 1/2-1/2

[Event "24th Open"]
[Site "Pula CRO"]
[Date "2010.06.20"]
[Round "2"]
[White "Vaarala,E"]
[Black "Rukavina,J"]
[Result "0-1"]
[WhiteElo "2125"]
[BlackElo "2397"]
[EventDate "2010.06.19"]

1. d4 g6 2. c4 Bg7 3. Nc3 c5 4. Nf3 cxd4 5. Nxd4 Nc6 6. Nc2 Bxc3+ 7. bxc3
Qa5 8. Ne3 Nf6 9. Nd5 O-O 10. e3 Kg7 11. Bb2 d6 12. Be2 Be6 13. Nf4 Rac8
14. O-O Ne5 15. Nxe6+ fxe6 16. Qb3 Qa6 17. Rad1 Rc7 18. Qb5 Nxc4 19. Qxa6
bxa6 20. Bxc4 Rxc4 21. Rd4 Rfc8 22. Rxc4 Rxc4 23. Rd1 e5 24. f3 Nd7 25. Kf1
Nb6 26. Ke1 Ra4 27. Ra1 Kf7 28. Ke2 e4 29. fxe4 Nc4 30. Bc1 Ke6 31. a3 Nb6
32. Kd3 Nd7 33. Rb1 Nc5+ 34. Kc2 Rxe4 35. Rb4 Re5 36. Rh4 h5 37. Rh3 Rg5
38. g3 Rg4 39. Bd2 Kf5 40. Kd1 Ke4 41. Ke2 Nd3 42. Rh4 Ne5 43. Rxg4+ hxg4
0-1

[Event "24th Open"]
[Site "Pula CRO"]
[Date "2010.06.20"]
[Round "2"]
[White "Feletar,D"]
[Black "Siljan,M"]
[Result "1-0"]
[WhiteElo "2390"]
[BlackElo "2127"]
[EventDate "2010.06.19"]

1. c4 Nf6 2. Nc3 e6 3. Nf3 b6 4. e4 d5 5. cxd5 exd5 6. e5 Ne4 7. Nxe4 dxe4
8. Qa4+ Bd7 9. Qxe4 Bc6 10. Qf4 Be7 11. Bc4 O-O 12. O-O b5 13. Bb3 Na6 14.
Nd4 Bb7 15. Nf5 Nc5 16. Bc2 Bg5 17. Qg4 g6 18. d4 Bxc1 19. Raxc1 h5 20. Qg3
Ne4 21. Qf4 Ng5 22. Ng3 Qd5 23. f3 Ne6 24. Qe3 Qxd4 25. Qxd4 Nxd4 26. Bd3
Rac8 27. Ne2 Nxe2+ 28. Bxe2 c6 29. Rfd1 Rfd8 30. Kf2 Kf8 31. Ke3 Ke7 32. b4
a5 33. Rxd8 Rxd8 34. a3 axb4 35. axb4 Ra8 36. Bxb5 Ra3+ 37. Kf2 Ra2+ 38.
Kg1 Rb2 39. Bxc6 Rxb4 40. Bxb7 Rxb7 41. f4 Rb4 42. Rc7+ Ke8 43. g3 Rb2 44.
e6 fxe6 45. Rg7 h4 46. Rxg6 hxg3 47. hxg3 Kf7 48. Rg5 Ra2 49. Kf1 Rb2 50.
Re5 Kf6 51. Re2 Rb8 52. Kf2 Rb3 53. Re3 Rb2+ 54. Kf3 Rb1 55. Kg4 Rb8 56.
Re5 Rg8+ 57. Kf3 Ra8 58. Rh5 Ra3+ 59. Kg4 Kg6 60. Rb5 Kf6 61. Rb6 Kf7 62.
Kh4 Rf3 63. Ra6 Ke7 64. Kg4 Rb3 65. Ra5 Kf6 66. Rh5 Kg6 67. Re5 Kf6 68. Re4
Rb1 69. Re3 Rh1 70. Ra3 Rg1 71. Ra6 Kf7 72. Kh4 Kf6 73. Rb6 Rg2 74. g4 Rh2+
75. Kg3 Ra2 76. Rb7 Ra1 77. g5+ Kg6 78. Re7 Ra6 79. Kg4 1-0

[Event "24th Open"]
[Site "Pula CRO"]
[Date "2010.06.20"]
[Round "2"]
[White "Exler,V"]
[Black "Franic,M"]
[Result "1-0"]
[WhiteElo "2119"]
[BlackElo "2390"]
[EventDate "2010.06.19"]

1. e4 e6 2. d4 d5 3. exd5 exd5 4. Nf3 Bd6 5. c4 Nf6 6. c5 Be7 7. Bd3 O-O 8.
O-O b6 9. cxb6 axb6 10. Ne5 c5 11. Be3 Bd6 12. Nc3 Re8 13. Bb5 Re6 14. Nd3
cxd4 15. Bxd4 Bxh2+ 16. Kxh2 Ng4+ 17. Kg3 Rg6 18. Kf3 Qg5 19. g3 Nh2+ 20.
Kg2 Bg4 21. Re1 Nc6 22. Bxc6 Rxc6 23. Qc1 Bf3+ 24. Kg1 Qg4 25. Re5 Be4 26.
Ne1 Nf3+ 27. Nxf3 Qxf3 28. Rxe4 dxe4 29. Qe3 Qxe3 30. Bxe3 f5 31. Rd1 Ra7
32. Rd5 g6 33. Rb5 Ra6 34. Nd5 Rd6 35. Bf4 Rd8 36. Bg5 Rb8 37. a3 Kf7 38.
Bf4 Rb7 39. Ne3 Ra5 40. Rb4 Ke6 41. Nc4 Ra6 42. a4 Kd5 43. Be3 Kc6 44. b3
b5 45. Ne5+ Kd5 46. f4 exf3 47. Nxf3 Re7 48. Rxb5+ Ke4 49. Kf2 Kd3 50. Ne5+
Kc3 51. Nc4 Re4 52. Rb7 h5 53. a5 h4 54. gxh4 Rxh4 55. Bd2+ Kc2 56. Bg5 Rg4
57. Ne3+ Kc3 58. Nxg4 fxg4 59. b4 1-0

[Event "24th Open"]
[Site "Pula CRO"]
[Date "2010.06.20"]
[Round "2"]
[White "Bukal,V jr"]
[Black "Povse,M1"]
[Result "1-0"]
[WhiteElo "2388"]
[BlackElo "2124"]
[EventDate "2010.06.19"]

1. d4 e6 2. g3 c5 3. Nf3 Nf6 4. c4 cxd4 5. Nxd4 Bb4+ 6. Nc3 Ne4 7. Qd3 Qa5
8. Nb3 Qf5 9. Qe3 Nc6 10. Bg2 Nxc3 11. bxc3 Be7 12. O-O O-O 13. Rd1 Ne5 14.
c5 Qh5 15. Qe4 a5 16. a4 Ra6 17. Ba3 Ng4 18. h3 Nf6 19. Qe3 Re8 20. c4 Qg6
21. Nd4 Rd8 22. Nb5 Ne8 23. c6 d6 24. cxb7 Bd7 25. c5 d5 26. c6 Bg5 27. Qc5
1-0

[Event "24th Open"]
[Site "Pula CRO"]
[Date "2010.06.20"]
[Round "2"]
[White "Pejic,Ir"]
[Black "Biti,O"]
[Result "1/2-1/2"]
[WhiteElo "2116"]
[BlackElo "2376"]
[EventDate "2010.06.19"]

1. e4 d6 2. d4 Nf6 3. Nc3 g6 4. Bg5 Bg7 5. f4 h6 6. Bh4 c5 7. e5 Nh5 8.
dxc5 dxe5 9. Qxd8+ Kxd8 10. O-O-O+ Bd7 11. Nd5 Re8 12. fxe5 Bxe5 13. Nf3
Bg7 14. g4 Nf6 15. Ne5 Nxd5 16. Nxd7 Ne3 17. Bb5 Nxd1 18. Rxd1 Kc7 19. Nxb8
Raxb8 20. Rd7+ Kc8 21. Bg3 e5 22. Rxf7 Rg8 23. Bc4 Kd8 24. Bd5 Ke8 25. Rc7
Kd8 26. Rf7 Ke8 27. Rc7 Kd8 28. Rf7 1/2-1/2

[Event "24th Open"]
[Site "Pula CRO"]
[Date "2010.06.20"]
[Round "2"]
[White "Bellia,F"]
[Black "Dinter,B"]
[Result "1-0"]
[WhiteElo "2373"]
[BlackElo "2116"]
[EventDate "2010.06.19"]

1. e4 c6 2. d4 g6 3. Nf3 d5 4. Nc3 Bg7 5. h3 dxe4 6. Nxe4 Nd7 7. Bd3 Ngf6
8. Nxf6+ Nxf6 9. O-O O-O 10. Re1 Qc7 11. Qe2 Re8 12. Ne5 Be6 13. Bf4 Qb6
14. c3 c5 15. Nc4 Bxc4 16. Bxc4 cxd4 17. cxd4 e6 18. Rad1 Red8 19. Be5 Rac8
20. Bb3 Nd5 21. Qf3 a5 22. Rc1 Bxe5 23. Rxc8 Bh2+ 24. Kxh2 Rxc8 25. Bxd5
Qd6+ 26. Re5 exd5 27. Qxd5 Qb4 28. Qd7 Rf8 29. Rb5 Qd2 30. Kg3 h5 31. h4
Qd3+ 32. f3 Qe2 33. Re5 Qxb2 34. Rxa5 Qb1 35. Qe7 Qb6 36. Rd5 Qa6 37. a3
Qc6 38. Rd7 b5 39. d5 Qc4 40. d6 b4 41. axb4 Qxb4 42. Qf6 Qe1+ 43. Kh2 Qe8
44. Re7 Qc6 45. f4 Qb6 46. Qe5 Qf2 47. d7 Qxh4+ 48. Kg1 Qg4 49. Qd4 1-0

[Event "24th Open"]
[Site "Pula CRO"]
[Date "2010.06.20"]
[Round "2"]
[White "Elenius,E"]
[Black "Sklyarov,D"]
[Result "0-1"]
[WhiteElo "2110"]
[BlackElo "2373"]
[EventDate "2010.06.19"]

1. e4 Nc6 2. d4 e5 3. dxe5 Nxe5 4. Be3 Bb4+ 5. c3 Ba5 6. Qd5 Nc6 7. Bc4 Qe7
8. Nd2 Nf6 9. Qg5 O-O 10. Ngf3 Re8 11. Qh4 h6 12. O-O-O Nxe4 13. Qxe4 Qxe4
14. Nxe4 Rxe4 15. Bd5 Re8 16. g4 Ne7 17. Bb3 d6 18. Rhg1 Be6 19. Ba4 c6 20.
Kb1 Nd5 21. Bd2 Bb6 22. Nd4 Bxd4 23. cxd4 Nb6 24. Bc2 Bd5 25. Rde1 Bf3 26.
Re3 Rxe3 27. fxe3 Nc4 28. Bc1 Re8 29. b3 Nb6 30. Kb2 f6 31. Bg6 Re7 32. Bd3
Be4 33. Be2 g5 34. Bd2 Kg7 35. a4 Nd5 36. Bc4 a6 37. a5 Re8 38. Kc1 Rh8 39.
Be2 Ne7 40. Kd1 Bd5 41. Kc2 Ng6 42. Be1 Re8 43. Bf2 Nf4 44. Bf1 Be4+ 45.
Kd2 Nd5 46. Bc4 Kg6 47. Bg3 Rd8 48. Bxd5 Bxd5 49. b4 Bf3 50. h3 Be4 51. Ke2
Kf7 52. h4 Ke6 53. hxg5 hxg5 54. Rf1 Rh8 55. Bf2 Rh3 56. Be1 Bd5 57. Rf5
Rh2+ 58. Rf2 Rh1 59. Bc3 Rh4 60. e4 Bxe4 61. d5+ Kxd5 62. Rxf6 Rxg4 63. Rf7
Kc4 64. Be1 c5 65. bxc5 dxc5 0-1

[Event "24th Open"]
[Site "Pula CRO"]
[Date "2010.06.20"]
[Round "2"]
[White "Praznik,N"]
[Black "Lazar,Ales ST"]
[Result "1/2-1/2"]
[WhiteElo "2354"]
[BlackElo "2115"]
[EventDate "2010.06.19"]

1. c4 Nf6 2. g3 c6 3. Nf3 d5 4. b3 Bg4 5. Bb2 Nbd7 6. Bg2 e6 7. O-O Be7 8.
d3 O-O 9. Nbd2 Qa5 10. a3 dxc4 11. Nxc4 Qh5 12. Ne3 Bh3 13. Rc1 Rfd8 14.
Qc2 Bxg2 15. Kxg2 Ng4 16. Nxg4 Qxg4 17. Qc4 Qf5 1/2-1/2

[Event "24th Open"]
[Site "Pula CRO"]
[Date "2010.06.20"]
[Round "2"]
[White "Ruzicka,M"]
[Black "Balazs,G2"]
[Result "0-1"]
[WhiteElo "2102"]
[BlackElo "2352"]
[EventDate "2010.06.19"]

1. d4 d5 2. Nf3 Nf6 3. Bf4 c5 4. e3 Nc6 5. c3 Qb6 6. Qb3 c4 7. Qxb6 axb6 8.
Nbd2 b5 9. Be2 b4 10. O-O bxc3 11. bxc3 Bf5 12. Nh4 e6 13. Nxf5 exf5 14. a4
Kd7 15. Rfb1 Ra7 16. Bf3 Bd6 17. Bxd6 Kxd6 18. Rb6 Rha8 19. Bd1 Nd7 20. Rb5
b6 21. f3 Ra5 22. Rab1 Rxb5 23. Rxb5 Ra5 24. Rb2 b5 25. axb5 Na7 26. b6 Nb5
27. Nb1 Nxb6 28. Bc2 g6 29. e4 fxe4 30. fxe4 dxe4 31. Bxe4 f5 32. Bf3 Nd5
33. Nd2 Ra1+ 34. Kf2 Na3 35. Be2 Nxc3 36. Rb4 Ra2 0-1

[Event "24th Open"]
[Site "Pula CRO"]
[Date "2010.06.20"]
[Round "2"]
[White "Orak,L"]
[Black "Adamantidis,P"]
[Result "1-0"]
[WhiteElo "2343"]
[BlackElo "2097"]
[EventDate "2010.06.19"]

1. e4 c5 2. Nf3 d6 3. d4 cxd4 4. Nxd4 Nf6 5. Nc3 g6 6. Be3 Bg7 7. f3 Nc6 8.
Qd2 O-O 9. O-O-O Nxd4 10. Bxd4 Be6 11. Kb1 Qc7 12. h4 Rfc8 13. h5 Qa5 14.
hxg6 hxg6 15. a3 Rab8 16. Bd3 b5 17. Qg5 Bc4 18. Bxc4 Rxc4 19. Nd5 Qd8 20.
Nxf6+ exf6 21. Qd5 Qc7 22. Bc3 Rd8 23. Qd2 Ra4 24. g4 a5 25. g5 b4 26. Bxf6
bxa3 27. Qh2 a2+ 28. Ka1 1-0

[Event "24th Open"]
[Site "Pula CRO"]
[Date "2010.06.20"]
[Round "2"]
[White "Klem,D"]
[Black "Molnar,Be"]
[Result "1-0"]
[WhiteElo "2097"]
[BlackElo "2340"]
[EventDate "2010.06.19"]

1. e4 e6 2. d4 d5 3. Nc3 Bb4 4. Bd3 c5 5. a3 Ba5 6. dxc5 Bxc3+ 7. bxc3 dxe4
8. Bxe4 Qxd1+ 9. Kxd1 Nf6 10. Bf3 Nc6 11. Bf4 Nd5 12. Bd2 Ne5 13. Be2 Bd7
14. Nf3 Nxf3 15. Bxf3 Bc6 16. Rb1 O-O-O 17. Kc1 Ne7 18. Bxc6 Nxc6 19. Rd1
e5 20. Be3 Rxd1+ 21. Kxd1 Rd8+ 22. Ke2 f5 23. g3 Rd5 24. h4 h5 25. f3 Kc7
26. g4 hxg4 27. fxg4 f4 28. Bf2 e4 29. Bd4 Nxd4+ 30. cxd4 b6 31. cxb6+ axb6
32. Rf1 Rxd4 33. Rxf4 Kd6 34. Ke3 Ra4 35. Rxe4 Rxa3+ 36. Kf4 Rc3 37. Re2
Rc5 38. h5 Kd7 39. g5 b5 40. Rh2 Ke6 41. h6 gxh6 42. gxh6 Rc8 43. h7 Rh8
44. Kg5 Kf7 45. Kh6 1-0

[Event "24th Open"]
[Site "Pula CRO"]
[Date "2010.06.21"]
[Round "3"]
[White "Dimitrijevic,A"]
[Black "Felgaer,R"]
[Result "0-1"]
[WhiteElo "2286"]
[BlackElo "2585"]
[EventDate "2010.06.19"]

1. d4 Nf6 2. c4 g6 3. Nc3 Bg7 4. e4 O-O 5. Be2 c5 6. Nf3 d6 7. O-O cxd4 8.
Nxd4 Nc6 9. Be3 a5 10. Kh1 Nxd4 11. Bxd4 Bd7 12. f4 Bc6 13. f5 Nd7 14. Bxg7
Kxg7 15. Qd4+ f6 16. Rf3 a4 17. Raf1 Ne5 18. Rg3 Qa5 19. Nd5 Bxd5 20. exd5
g5 21. h4 h6 22. b3 axb3 23. axb3 Qb4 24. Qe3 Rh8 25. Bh5 Ra2 26. Kh2 Qc5
27. Qf4 Kf8 28. Qe4 Rd2 29. Rd1 Rf2 30. Ra1 Qc8 31. Bg6 Rf4 32. Qe2 Rxh4+
33. Rh3 Rxh3+ 34. gxh3 Qc5 35. Ra2 Qd4 36. c5 Qxc5 37. Qh5 Kg7 38. Re2 Qxd5
39. Be8 Qf3 40. Rxe5 Qxh5 41. Rxe7+ Kf8 0-1